Statystyki dla Dyskografia - Szpaku

Kliknij tutaj aby rozwiązać quiz!

Ogólne statystyki

  • Ten quiz został rozwiązany 224 razy
    (199 od ostatniego zresetowania)
  • Średni wynik to 27 z 57

Statystyki odpowiedzi

AlbumPiosenka% Poprawnych
Różowa Pantera - 1Różowa Pantera
89%
Atypowy - 7Hinata
80%
Atypowy - 1Alicja
77%
Dzieci Duchy - 1Dzieci Duchy
77%
Różowa Pantera - Bonus Track#Hot16Challenge2
76%
Atypowy - 3UFO
72%
Atypowy - 2W Krainie Czarów
67%
Atypowy - 9Oddajemy krew Wampirom
66%
Dzieci Duchy - 2Kochaj Mnie
65%
Atypowy - 4Szlam
65%
BORuto - 2BORuto
64%
Atypowy - 10Ja YETI
64%
Atypowy - 5Lavender Town
64%
Atypowy - 6Zombie
62%
Dzieci Duchy - 3Noc Polarna
61%
BORuto - 1Bajka
60%
Różowa Pantera - 2Młody 2Pac
58%
Różowa Pantera - 6Wino
58%
Atypowy - 11MOJO JOJO
56%
Dzieci Duchy - 15Koniec
55%
BORuto -10MINIMINI
55%
Dzieci Duchy - 4Na osiedlu
52%
Dzieci Duchy - 7Stare Graffiti
52%
Atypowy - 8Nieważne
51%
Różowa Pantera - 8NPC
51%
BORuto - 8Żółwie Ninja
51%
Różowa Pantera - 3Hałas
49%
Dzieci Duchy - 11Pali się
48%
Różowa Pantera - 10Biały Miś
47%
Dzieci Duchy - 10Overhype9000
47%
Dzieci Duchy - 5Ćmy
46%
Dzieci Duchy - 6Pająki
46%
Różowa Pantera - 5Potwór
46%
Różowa Pantera - 7Zły
46%
Różowa Pantera - 11Fanlove
44%
Dzieci Duchy - 14Umrzyj Ze Mną
44%
Różowa Pantera - 4Bal
42%
Dzieci Duchy - 13FREESTYLE
42%
Dzieci Duchy - 9Hello Kitty
40%
Dzieci Duchy - 12Mateusz Dragon Wielki
38%
Młody Simba Mixtape - 3Młody Simba
38%
BORuto - 7Król Lew
37%
Różowa Pantera - 9Ośmiogwiazdkowy Skurwi*l
37%
BORuto - 9Cyklofrenia
36%
Dzieci Duchy - 8KABZZLOOK
34%
BORuto - 3Rick and Morty
33%
BORuto - 4Mewtwo
30%
BORuto - 5MUK
30%
Młody Simba Mixtape - 1Saluto
28%
BORuto - 6Skit
24%
Młody Simba Mixtape - 5OLDTALK
18%
Młody Simba Mixtape - 4Chmury
17%
Młody Simba Mixtape - 2BLACK SWAG
12%
Młody Simba Mixtape - 8M@łpi$zon
11%
Młody Simba Mixtape - 7Klama
10%
Młody Simba Mixtape - 6ZA NIC
10%
Młody Simba Mixtape - 9WEWORKING
8%

Rozkład punktacji

Percentyl według liczby udzielonych odpowiedzi

Procent ludzi z każdym wynikiem

Twoja historia wyników

Nie rozwiązałeś tego quizu od ostatniego zresetowania